[Event "4NCL Division One"]
[Site "Daventry, ENG"]
[Date "2023.01.14"]
[Round "3.11"]
[White "Pert, Nicholas"]
[Black "Rudd, Jack"]
[Result "1-0"]
[WhiteElo "2540"]
[BlackElo "2310"]
[PlyCount "81"]
[EventDate "2023.01.14"]
[WhiteTeam "Cheddleton"]
[BlackTeam "West is Best 1"]

1. d4 Nf6 2. Nf3 e6 3. c4 d5 4. Nc3 Be7 5. Bf4 O-O 6. e3 c5 7. dxc5 Bxc5 8. Qc2
Nc6 9. Rd1 Qa5 10. Be2 Nb4 11. Qb3 dxc4 12. Bxc4 Nbd5 13. Be5 Nd7 14. Bxd5 Nxe5
15. Nxe5 exd5 16. O-O Be6 17. Nxd5 Rfd8 18. e4 Qa6 19. Rd2 f6 20. Nd3 Bf8 21.
Rfd1 Bf7 22. N3f4 Re8 23. Qf3 Rac8 24. b3 Rc6 25. h4 Qa5 26. Re2 Qa3 27. g3 Rc1
28. Rxc1 Qxc1+ 29. Kg2 Qa1 30. h5 h6 31. Ne3 Qb1 32. Nf5 Kh7 33. Qe3 Re5 34.
Qd4 Be8 35. Nd3 Rxf5 36. exf5 Bc6+ 37. f3 Qd1 38. Qe3 Bd6 39. Nf2 Qb1 40. Ne4
Be5 41. Qd2 1-0

[Event "4NCL Division One"]
[Site "Daventry, ENG"]
[Date "2023.01.14"]
[Round "3.12"]
[White "Jones, Steven A"]
[Black "Williams, Simon K"]
[Result "0-1"]
[WhiteElo "2160"]
[BlackElo "2467"]
[PlyCount "72"]
[EventDate "2023.01.14"]
[WhiteTeam "West is Best 1"]
[BlackTeam "Cheddleton"]

1. e4 c5 2. Nf3 d6 3. d4 cxd4 4. Nxd4 Nf6 5. Nc3 g6 6. Be3 a6 7. f3 Bg7 8. Qd2
h5 9. O-O-O b5 10. a3 Bb7 11. Bd3 Nbd7 12. h3 Rc8 13. g4 Ne5 14. Kb1 Nc4 15.
Bxc4 Rxc4 16. Nde2 Nd7 17. b3 Ne5 18. bxc4 Nxc4 19. Qc1 Qa5 20. Ka2 b4 21. Kb3
bxc3 22. Ka2 O-O 23. Nd4 Rb8 24. Nb3 Qa4 25. gxh5 Bc8 26. hxg6 Be6 27. gxf7+
Kxf7 28. Rd5 Bxd5 29. exd5 Na5 30. Qd1 Qc4 31. Rg1 Bf6 32. Rg4 Rxb3 33. Rxc4
Rb2+ 34. Ka1 Nxc4 35. Bc5 dxc5 36. d6 Ne3 0-1

[Event "4NCL Division One"]
[Site "Daventry, ENG"]
[Date "2023.01.14"]
[Round "3.13"]
[White "Kirk, Ezra"]
[Black "Cooper, John G"]
[Result "0-1"]
[WhiteElo "2432"]
[BlackElo "2231"]
[PlyCount "62"]
[EventDate "2023.01.14"]
[WhiteTeam "Cheddleton"]
[BlackTeam "West is Best 1"]

1. e4 c5 2. Nf3 e6 3. d4 cxd4 4. Nxd4 Nf6 5. Nc3 d6 6. g4 h6 7. h4 Nc6 8. Rg1
d5 9. exd5 Nxd5 10. Nxd5 exd5 11. Qe2+ Be7 12. Nxc6 bxc6 13. Bd2 O-O 14. O-O-O
Bxh4 15. f4 Bf6 16. Rg3 Qd6 17. Kb1 a5 18. Qg2 a4 19. a3 Rb8 20. Bc1 Bxg4 21.
Rxg4 Qxa3 22. c3 Qxc3 23. Rd3 Qe1 24. Re3 Qd1 25. Rd3 Rxb2+ 26. Qxb2 Qxg4 27.
Qb6 Qf5 28. Ka2 c5 29. Qb5 Rd8 30. Qxa4 c4 31. Ra3 Rb8 0-1

[Event "4NCL Division One"]
[Site "Daventry, ENG"]
[Date "2023.01.14"]
[Round "3.14"]
[White "Redmond, John P."]
[Black "Pert, Richard G"]
[Result "1/2-1/2"]
[WhiteElo "2194"]
[BlackElo "2411"]
[PlyCount "43"]
[EventDate "2023.01.14"]
[WhiteTeam "West is Best 1"]
[BlackTeam "Cheddleton"]

1. b3 d5 2. Bb2 Nf6 3. Nf3 Bf5 4. Nh4 Bd7 5. g3 c5 6. Bg2 Bc6 7. d4 cxd4 8. Nf3
g6 9. Nxd4 Bg7 10. O-O O-O 11. Nd2 e5 12. Nxc6 Nxc6 13. e3 Re8 14. a3 Qc7 15.
c4 d4 16. exd4 exd4 17. Re1 h5 18. Ne4 Nxe4 19. Bxe4 Re7 20. Bd5 Rae8 21. Rxe7
Qxe7 22. Qd2 1/2-1/2

[Event "4NCL Division One"]
[Site "Daventry, ENG"]
[Date "2023.01.14"]
[Round "3.15"]
[White "Arkell, Keith C"]
[Black "Blackburn, Jonathan L B"]
[Result "1-0"]
[WhiteElo "2406"]
[BlackElo "2169"]
[PlyCount "91"]
[EventDate "2023.01.14"]
[WhiteTeam "Cheddleton"]
[BlackTeam "West is Best 1"]

1. d4 Nf6 2. c4 e6 3. Nf3 c5 4. d5 exd5 5. cxd5 d6 6. Nc3 g6 7. Nd2 Bg7 8. Nc4
O-O 9. g3 b6 10. a4 Ng4 11. Bg2 Bxc3+ 12. bxc3 Qf6 13. O-O Qxc3 14. Nb2 Ba6 15.
h3 Nf6 16. Re1 Re8 17. e4 Nbd7 18. Rb1 Ne5 19. Bd2 Qd4 20. Qc1 Nd3 21. Nxd3
Qxd3 22. Bf1 Qf3 23. Re3 Qh5 24. g4 Qh4 25. Bxa6 Rxe4 26. Qe1 Rae8 27. f3 Qxe1+
28. Rexe1 Rxe1+ 29. Rxe1 Rxe1+ 30. Bxe1 Nxd5 31. Bb7 Nf4 32. Bd2 Nd3 33. Kf1
Nb2 34. Bc6 d5 35. Bc3 Nd1 36. Bf6 d4 37. Ke2 Nc3+ 38. Kd3 h6 39. h4 Kf8 40.
Kc4 Kg8 41. Be5 f5 42. gxf5 gxf5 43. Bb8 a6 44. Bc7 b5+ 45. axb5 axb5+ 46. Bxb5
1-0

[Event "4NCL Division One"]
[Site "Daventry, ENG"]
[Date "2023.01.14"]
[Round "3.16"]
[White "Zeidler, Sven P."]
[Black "Eggleston, David J"]
[Result "1/2-1/2"]
[WhiteElo "2138"]
[BlackElo "2359"]
[PlyCount "55"]
[EventDate "2023.01.14"]
[WhiteTeam "West is Best 1"]
[BlackTeam "Cheddleton"]

1. e4 e6 2. d4 d5 3. exd5 exd5 4. Nf3 Bd6 5. c4 Nf6 6. Nc3 dxc4 7. Bxc4 O-O 8.
O-O Nc6 9. h3 h6 10. Re1 Bf5 11. Ne5 Bxe5 12. dxe5 Qxd1 13. Nxd1 Nd7 14. Bf4
Nb6 15. Bf1 Nb4 16. Ne3 Bd3 17. Red1 Bxf1 18. Kxf1 Rad8 19. e6 Rxd1+ 20. Rxd1
fxe6 21. Bxc7 N6d5 22. Nxd5 Nxd5 23. Rc1 Nb4 24. Bg3 Nd5 25. Ke2 Kf7 26. Be5 g5
27. Rc4 Kg6 28. g4 1/2-1/2

[Event "4NCL Division One"]
[Site "Daventry, ENG"]
[Date "2023.01.14"]
[Round "3.17"]
[White "Radeva, Viktoria"]
[Black "Southcott-Moyers, Indy"]
[Result "1/2-1/2"]
[WhiteElo "2242"]
[BlackElo "2156"]
[PlyCount "83"]
[EventDate "2023.01.14"]
[WhiteTeam "Cheddleton"]
[BlackTeam "West is Best 1"]

1. e4 e5 2. Nf3 Nc6 3. Bc4 Bc5 4. d3 Nf6 5. O-O d6 6. c3 h6 7. Nbd2 a6 8. a4
O-O 9. h3 Re8 10. Re1 Be6 11. Bxe6 Rxe6 12. b4 Ba7 13. Qc2 Re8 14. Nf1 Ne7 15.
Ng3 Ng6 16. Nf5 c6 17. g3 d5 18. Bd2 Qd7 19. Rad1 Rad8 20. Kg2 Qe6 21. Qc1 Nh7
22. c4 f6 23. h4 Ne7 24. Nxe7+ Qxe7 25. c5 a5 26. Qc2 axb4 27. Bxb4 Qf7 28. Rb1
Nf8 29. Nd2 Ne6 30. Nb3 dxe4 31. dxe4 Nd4 32. Nxd4 Rxd4 33. Rec1 Red8 34. Bc3
Rd3 35. Ba5 R8d4 36. Bc3 Rd7 37. Rxb7 Bxc5 38. Qxd3 Rxb7 39. a5 Rd7 40. Qc2 Ba7
41. Be1 c5 42. Kh2 1/2-1/2

[Event "4NCL Division One"]
[Site "Daventry, ENG"]
[Date "2023.01.14"]
[Round "3.18"]
[White "O'Gorman, Alice"]
[Black "Boswell, Jacob Connor"]
[Result "1/2-1/2"]
[WhiteElo "2016"]
[BlackElo "2108"]
[PlyCount "150"]
[EventDate "2023.01.14"]
[WhiteTeam "West is Best 1"]
[BlackTeam "Cheddleton"]

1. c4 c6 2. e4 d5 3. exd5 cxd5 4. cxd5 Nf6 5. Bb5+ Nbd7 6. Nc3 a6 7. Ba4 g6 8.
Nf3 Bg7 9. d6 b5 10. Bb3 Nc5 11. dxe7 Nd3+ 12. Kf1 Qd6 13. Ng5 Be6 14. Bxe6
fxe6 15. Qf3 Ra7 16. Nce4 Qd4 17. Ke2 Rd7 18. Qe3 Nxe4 19. Nxe4 Qc4 20. b3
Nxc1+ 21. Kd1 Qe2+ 22. Qxe2 Nxe2 23. Kxe2 Bxa1 24. Rxa1 Rc7 25. a4 Kxe7 26.
axb5 axb5 27. Ra6 Rf8 28. Ke3 h5 29. d4 Rf5 30. Rb6 Rd5 31. f4 Rcd7 32. Ng5
R7d6 33. Rb7+ Ke8 34. Nf3 Rd7 35. Rb6 R7d6 36. Rb7 Kf8 37. g3 Ra6 38. Ne5 Ra3
39. Nxg6+ Ke8 40. Re7+ Kd8 41. Rxe6 Rxb3+ 42. Ke4 Rd7 43. Ne5 Rh7 44. f5 Rb2
45. f6 Rf2 46. Kd5 b4 47. f7 Rhxf7 48. Nxf7+ Rxf7 49. Re2 h4 50. gxh4 Rf4 51.
h5 Rh4 52. Kc4 Kd7 53. Rg2 b3 54. h6 Rxh6 55. Kxb3 Kd6 56. Kc4 Rh5 57. Ra2 Rh4
58. Rf2 Rh5 59. Kd3 Kd5 60. Ke3 Rh3+ 61. Kf4 Kxd4 62. Kg4 Rh8 63. h4 Rg8+ 64.
Kh5 Rh8+ 65. Kg5 Rg8+ 66. Kh5 Rh8+ 67. Kg4 Rg8+ 68. Kh3 Ke5 69. h5 Rg5 70. Kh4
Rf5 71. Ra2 Kf6 72. Ra6+ Kg7 73. Kg4 Rb5 74. Ra7+ Kh6 75. Ra6+ Kg7 1/2-1/2

[Event "4NCL Division One"]
[Site "Daventry, ENG"]
[Date "2023.01.14"]
[Round "3.21"]
[White "Bluebaum, Matthias"]
[Black "Derakhshani, Borna"]
[Result "1-0"]
[WhiteElo "2657"]
[BlackElo "2400"]
[PlyCount "77"]
[EventDate "2023.01.14"]
[WhiteTeam "Chess.com Manx Liberty"]
[BlackTeam "Wood Green Youth"]

1. Nf3 d5 2. e3 Nf6 3. c4 c6 4. Nc3 e6 5. d4 Nbd7 6. Bd3 dxc4 7. Bxc4 b5 8. Bd3
Bb7 9. O-O a6 10. e4 c5 11. d5 Qb6 12. dxe6 fxe6 13. e5 Nd5 14. Ng5 g6 15. Nxh7
O-O-O 16. Nxd5 Bxd5 17. Nxf8 Rdxf8 18. Qe2 Rh5 19. Bxg6 Rxe5 20. Qc2 Rg8 21. f3
Bc4 22. Be4 Bxf1 23. Kxf1 Rh5 24. g4 Rh3 25. Bf4 Rf8 26. Bg3 Rxg3 27. hxg3 Ne5
28. Qc3 Qd6 29. Kg2 Rd8 30. Rf1 Nc4 31. Rf2 e5 32. b3 Rh8 33. Qc1 Nb6 34. Rd2
Qc7 35. a4 Kb8 36. axb5 axb5 37. Qa1 c4 38. bxc4 Nxc4 39. Qa8# 1-0

[Event "4NCL Division One"]
[Site "Daventry, ENG"]
[Date "2023.01.14"]
[Round "3.22"]
[White "Fernandez, Daniel Howard"]
[Black "Parligras, Mircea-Emilian"]
[Result "0-1"]
[WhiteElo "2481"]
[BlackElo "2565"]
[PlyCount "68"]
[EventDate "2023.01.14"]
[WhiteTeam "Wood Green Youth"]
[BlackTeam "Chess.com Manx Liberty"]

1. Nf3 d5 2. g3 Bg4 3. Bg2 e6 4. c4 c6 5. O-O Nf6 6. d3 Be7 7. Qb3 Qc8 8. Nc3
O-O 9. Bf4 Bxf3 10. Bxf3 d4 11. Ne4 Nxe4 12. Bxe4 Nd7 13. Bg2 a5 14. Qc2 e5 15.
Bd2 Qc7 16. Rad1 Bb4 17. e3 Bxd2 18. Qxd2 Qd6 19. exd4 Qxd4 20. Qc3 Nc5 21.
Rfe1 f6 22. Qxd4 exd4 23. Kf1 Rfe8 24. h4 Kf7 25. Re2 a4 26. Bf3 Rxe2 27. Kxe2
a3 28. b4 Na4 29. Kd2 Nc3 30. Ra1 Ra4 31. Bd1 Rxb4 32. Bb3 c5 33. f4 f5 34. Re1
Rb6 0-1

[Event "4NCL Division One"]
[Site "Daventry, ENG"]
[Date "2023.01.14"]
[Round "3.23"]
[White "Lupulescu, Constantin"]
[Black "Royal, Shreyas"]
[Result "1/2-1/2"]
[WhiteElo "2592"]
[BlackElo "2456"]
[PlyCount "71"]
[EventDate "2023.01.14"]
[WhiteTeam "Chess.com Manx Liberty"]
[BlackTeam "Wood Green Youth"]

1. e4 e5 2. Nf3 Nc6 3. d4 exd4 4. Nxd4 Nf6 5. Nxc6 bxc6 6. Nd2 d5 7. exd5 cxd5
8. Bb5+ Bd7 9. Bxd7+ Qxd7 10. O-O Be7 11. b3 O-O 12. Bb2 Rfe8 13. Re1 Rad8 14.
Qf3 Ng4 15. h3 Bf6 16. Rxe8+ Rxe8 17. hxg4 Bxb2 18. Rd1 Qe6 19. Nf1 c6 20. Ne3
Qe4 21. c4 d4 22. Nf5 Qxf3 23. gxf3 g6 24. Ng3 Kg7 25. Kf1 a5 26. Ne2 c5 27.
Nf4 Ba3 28. Nd3 Bb4 29. Ra1 Bc3 30. Rc1 Bb4 31. Ra1 Bc3 32. Rc1 Bb4 33. Rc2 Kf6
34. Re2 Rxe2 35. Kxe2 Kg5 36. Kf1 1/2-1/2

[Event "4NCL Division One"]
[Site "Daventry, ENG"]
[Date "2023.01.14"]
[Round "3.24"]
[White "Willow, Jonah B"]
[Black "Turner, Matthew J"]
[Result "0-1"]
[WhiteElo "2409"]
[BlackElo "2451"]
[PlyCount "70"]
[EventDate "2023.01.14"]
[WhiteTeam "Wood Green Youth"]
[BlackTeam "Chess.com Manx Liberty"]

1. e4 c6 2. d4 d5 3. e5 c5 4. Nf3 Nc6 5. dxc5 e6 6. Be3 Nh6 7. Bb5 Nf5 8. Bd4
Bd7 9. Bxc6 Bxc6 10. O-O g5 11. g4 Nxd4 12. Qxd4 h5 13. Nbd2 b6 14. b4 bxc5 15.
bxc5 Qa5 16. Nb3 Qa4 17. h3 Rc8 18. Rac1 Be7 19. Rfd1 hxg4 20. hxg4 Kf8 21.
Qxa4 Bxa4 22. Rd4 Be8 23. Kg2 a5 24. Nxa5 Bxc5 25. Rd3 Bb6 26. Nb7 Rc4 27. Kg3
f5 28. Nh2 Bxf2+ 29. Kg2 Bd4 30. gxf5 Bxe5 31. Nf3 Rg4+ 32. Kf2 Bg3+ 33. Ke2
Re4+ 34. Kf1 Bb5 35. Kg2 Bf4 0-1

[Event "4NCL Division One"]
[Site "Daventry, ENG"]
[Date "2023.01.14"]
[Round "3.25"]
[White "Csonka, Balazs"]
[Black "O'Donnell, Conor"]
[Result "1/2-1/2"]
[WhiteElo "2497"]
[BlackElo "2334"]
[PlyCount "47"]
[EventDate "2023.01.14"]
[WhiteTeam "Chess.com Manx Liberty"]
[BlackTeam "Wood Green Youth"]

1. e4 c6 2. d4 d5 3. e5 Bf5 4. h4 h5 5. Bd3 Bxd3 6. Qxd3 Qa5+ 7. Nd2 e6 8. Ngf3
Nh6 9. O-O Nf5 10. Nb3 Qa6 11. Qd1 b6 12. Bg5 c5 13. dxc5 Bxc5 14. Re1 Nc6 15.
Nxc5 bxc5 16. c3 Rb8 17. b3 Qb6 18. Nd2 Rb7 19. Qf3 a5 20. Rad1 Rd7 21. Qf4 Qc7
22. Nf3 Qb7 23. Rd2 d4 24. Qe4 1/2-1/2

[Event "4NCL Division One"]
[Site "Daventry, ENG"]
[Date "2023.01.14"]
[Round "3.26"]
[White "Yao, Lan"]
[Black "Bobras, Piotr"]
[Result "1/2-1/2"]
[WhiteElo "2271"]
[BlackElo "2491"]
[PlyCount "89"]
[EventDate "2023.01.14"]
[WhiteTeam "Wood Green Youth"]
[BlackTeam "Chess.com Manx Liberty"]

1. e4 c5 2. Nf3 Nc6 3. Bb5 g6 4. O-O Bg7 5. Re1 Nf6 6. Bxc6 dxc6 7. d3 Bg4 8.
h3 Bxf3 9. Qxf3 Nd7 10. Qe2 Nf8 11. f4 c4 12. Nc3 cxd3 13. cxd3 Ne6 14. Be3 Bd4
15. Qf2 Qb6 16. Rac1 Rd8 17. f5 Bxe3 18. Rxe3 Nd4 19. Na4 Qc7 20. Nc3 Qe5 21.
Ne2 Nxe2+ 22. Qxe2 O-O 23. Rf1 Rd4 24. Ref3 f6 25. fxg6 hxg6 26. Re3 Kf7 27.
Qg4 Rfd8 28. Rff3 Rh8 29. Rg3 g5 30. Ref3 Rh4 31. Qxg5 Qxg5 32. Rxg5 Rxd3 33.
Rxd3 fxg5 34. Rd7 b5 35. Rxa7 Rxe4 36. Kf2 Rc4 37. Kf3 Kf6 38. b3 Rc2 39. g3 c5
40. Kg4 c4 41. bxc4 Rxc4+ 42. Kf3 Rc3+ 43. Kg4 Rc4+ 44. Kf3 Rc3+ 45. Ke4
1/2-1/2

[Event "4NCL Division One"]
[Site "Daventry, ENG"]
[Date "2023.01.14"]
[Round "3.27"]
[White "Kolbus, Dietmar"]
[Black "Hunt, Harriet V"]
[Result "1/2-1/2"]
[WhiteElo "2292"]
[BlackElo "2348"]
[PlyCount "91"]
[EventDate "2023.01.14"]
[WhiteTeam "Chess.com Manx Liberty"]
[BlackTeam "Wood Green Youth"]

1. Nf3 Nf6 2. c4 e6 3. Nc3 Bb4 4. Qc2 O-O 5. a3 Bxc3 6. Qxc3 b6 7. g3 Bb7 8.
Bg2 a5 9. b3 d6 10. O-O Nbd7 11. d3 Re8 12. Bb2 e5 13. e4 Nc5 14. Rfe1 a4 15.
b4 Nb3 16. Rab1 c5 17. Nd2 Nd4 18. Qc1 Ra7 19. Qd1 Bc8 20. h3 Ne6 21. Nf3 Bd7
22. Ba1 Qc8 23. Kh2 h6 24. Qd2 Nh7 25. Ng1 Qd8 26. Bc3 Nd4 27. f4 f5 28. bxc5
bxc5 29. Bxd4 exd4 30. exf5 Rxe1 31. Rxe1 Bxf5 32. g4 Bg6 33. f5 Bf7 34. Qf4
Ra6 35. Rb1 Rb6 36. Rxb6 Qxb6 37. h4 Nf6 38. g5 Nh5 39. Qe4 Qb8 40. Qa8 Qxa8
41. Bxa8 hxg5 42. hxg5 Nf4 43. g6 Be8 44. Be4 Kf8 45. Kg3 Nh5+ 46. Kh4 1/2-1/2

[Event "4NCL Division One"]
[Site "Daventry, ENG"]
[Date "2023.01.14"]
[Round "3.28"]
[White "Kalaiyalahan, Akshaya"]
[Black "Terbe, Julianna"]
[Result "1/2-1/2"]
[WhiteElo "2222"]
[BlackElo "2283"]
[PlyCount "140"]
[EventDate "2023.01.14"]
[WhiteTeam "Wood Green Youth"]
[BlackTeam "Chess.com Manx Liberty"]

1. Nf3 d5 2. b3 Bf5 3. Bb2 e6 4. g3 Nf6 5. Bg2 Be7 6. O-O O-O 7. d3 h6 8. Nbd2
Nbd7 9. Ne5 Nxe5 10. Bxe5 c6 11. e4 Bg4 12. f3 Bh5 13. g4 Bg6 14. Bb2 dxe4 15.
dxe4 Bc5+ 16. Kh1 Bd4 17. Bxd4 Qxd4 18. Nc4 Rfd8 19. Qxd4 Rxd4 20. a4 Rad8 21.
a5 a6 22. Rfe1 h5 23. g5 Ne8 24. Bf1 f6 25. gxf6 gxf6 26. c3 R4d7 27. e5 Bf5
28. Kg1 Kg7 29. f4 Bc2 30. b4 Nc7 31. Rac1 Bh7 32. Be2 h4 33. Bg4 Kf7 34. Nd6+
Ke7 35. Nxb7 Rg8 36. exf6+ Kxf6 37. h3 Bf5 38. Nc5 Rdd8 39. Ne4+ Ke7 40. Ng5
Bxg4 41. hxg4 Rd3 42. Kf2 Rg3 43. Rg1 Rxg1 44. Rxg1 Nd5 45. Kf3 Rf8 46. Nh3
Nxf4 47. Nxf4 e5 48. Ke4 exf4 49. Kf3 Kf6 50. Re1 Kg5 51. Re5+ Kg6 52. Rh5 Rd8
53. Kxf4 Rd3 54. Rxh4 Rxc3 55. Rh5 Rc4+ 56. Kf3 Rc3+ 57. Kf4 Rc4+ 58. Kf3 Rc3+
59. Ke2 Rc4 60. Rc5 Rxg4 61. Rxc6+ Kf5 62. Rxa6 Rxb4 63. Kd3 Ke5 64. Kc3 Rh4
65. Rg6 Kd5 66. Kb3 Kc5 67. a6 Kb5 68. a7 Rb4+ 69. Kc3 Rc4+ 70. Kd3 Ra4 1/2-1/2

[Event "4NCL Division One"]
[Site "Daventry, ENG"]
[Date "2023.01.14"]
[Round "3.31"]
[White "Makkar, Rajat"]
[Black "Murphy, Conor E"]
[Result "1-0"]
[WhiteElo "2432"]
[BlackElo "2422"]
[PlyCount "83"]
[EventDate "2023.01.14"]
[WhiteTeam "The Sharks 1"]
[BlackTeam "Cambridge University 1"]

1. e4 e5 2. Nf3 Nc6 3. Bc4 Bc5 4. O-O Nf6 5. d4 Bxd4 6. Nxd4 Nxd4 7. Bg5 h6 8.
Bh4 d6 9. f4 Bg4 10. Bxf6 Bxd1 11. Bxd8 Rxd8 12. c3 Be2 13. cxd4 Bxc4 14. Rc1
Ba6 15. Rxc7 exd4 16. Nd2 O-O 17. b4 Rfe8 18. a4 Bd3 19. Rxb7 f5 20. Rxa7 fxe4
21. Nb3 e3 22. Nxd4 Re4 23. Nf3 Rxb4 24. Re7 e2 25. Kf2 d5 26. a5 Rd6 27. g3 d4
28. Rc1 Bc4 29. Re4 Ba6 30. Rc7 Rb1 31. Re8+ Kh7 32. Ree7 Rf1+ 33. Kg2 Rxf3 34.
Kxf3 d3 35. Rxg7+ Kh8 36. Rge7 Rd8 37. f5 d2 38. Rh7+ Kg8 39. f6 e1=N+ 40. Kf2
Nd3+ 41. Kg2 Ne1+ 42. Kh1 1-0

[Event "4NCL Division One"]
[Site "Daventry, ENG"]
[Date "2023.01.14"]
[Round "3.32"]
[White "McClement, Andrew"]
[Black "Moreby, James"]
[Result "0-1"]
[WhiteElo "2220"]
[BlackElo "2421"]
[PlyCount "150"]
[EventDate "2023.01.14"]
[WhiteTeam "Cambridge University 1"]
[BlackTeam "The Sharks 1"]

1. e4 c5 2. Nf3 d6 3. d4 cxd4 4. Nxd4 Nf6 5. Nc3 a6 6. Be3 Ng4 7. Bg5 h6 8. Bh4
g5 9. Bg3 Bg7 10. Be2 h5 11. Bxg4 Bd7 12. Bf5 Bxf5 13. f3 Bd7 14. Qd2 Nc6 15.
Bf2 Ne5 16. b3 Rc8 17. Nd5 b5 18. O-O-O Be6 19. Kb1 Bxd5 20. exd5 Bf6 21. Rhe1
Qd7 22. h3 Kf8 23. f4 gxf4 24. Qxf4 Qb7 25. Qe4 Rg8 26. Nf5 Nc4 27. bxc4 bxc4+
28. Kc1 Rxg2 29. Qxg2 c3 30. Rd4 Qb2+ 31. Kd1 Qb1+ 32. Ke2 Qxc2+ 33. Kf1 Qxf5
34. Qe4 Qxh3+ 35. Kg1 Bxd4 36. Bxd4 Qg4+ 37. Qxg4 hxg4 38. Kf2 c2 39. Rh1 Ke8
40. Rh8+ Kd7 41. Rxc8 Kxc8 42. Be3 Kd7 43. Ke2 e5 44. Kd3 f5 45. Kxc2 f4 46.
Bb6 e4 47. Kd2 Ke7 48. Bc7 g3 49. Ke2 f3+ 50. Ke1 e3 51. Bb6 e2 52. Be3 g2 53.
a4 Kf6 54. a5 Kf5 55. Bf2 Ke4 56. Kd2 Kxd5 57. Bg1 Kc4 58. Bf2 d5 59. Bg1 Kb5
60. Bb6 d4 61. Bxd4 Kxa5 62. Ke1 Kb4 63. Be3 Kb3 64. Kd2 a5 65. Bb6 a4 66. Bc5
a3 67. Bf2 a2 68. Bd4 a1=Q 69. Bxa1 g1=Q 70. Be5 e1=Q+ 71. Kd3 Qxe5 72. Kd2 f2
73. Kd3 f1=Q+ 74. Kd2 Qff2+ 75. Kd3 Qee3# 0-1

[Event "4NCL Division One"]
[Site "Daventry, ENG"]
[Date "2023.01.14"]
[Round "3.33"]
[White "Grieve, Harry"]
[Black "Gallagher, Daniel GH"]
[Result "1/2-1/2"]
[WhiteElo "2511"]
[BlackElo "2204"]
[PlyCount "101"]
[EventDate "2023.01.14"]
[WhiteTeam "The Sharks 1"]
[BlackTeam "Cambridge University 1"]

1. e4 c5 2. Nf3 d6 3. d4 cxd4 4. Nxd4 Nf6 5. Nc3 a6 6. Bg5 e6 7. f4 h6 8. Bh4
Be7 9. Qf3 Nc6 10. O-O-O Nxd4 11. Rxd4 Qb6 12. Rd2 Qa5 13. Kb1 Bd7 14. Be2 Bc6
15. Rhd1 O-O-O 16. Qe3 g5 17. Bg3 Qc5 18. Qf3 d5 19. exd5 Nxd5 20. Ne4 Qa5 21.
fxg5 Rhf8 22. gxh6 f5 23. Nc3 f4 24. Bf2 Ne3 25. Rxd8+ Bxd8 26. Qh3 Nxd1 27.
Qxe6+ Bd7 28. Qc4+ Qc7 29. Qxc7+ Bxc7 30. Bxd1 Rh8 31. Nd5 Rxh6 32. h3 b5 33.
Bf3 Be6 34. Kc1 Bxd5 35. Bxd5 Bb6 36. Bxb6 Rxb6 37. c4 bxc4 38. Bxc4 Rc6 39. b3
a5 40. Kd2 Rg6 41. Ke2 Rxg2+ 42. Kf3 Rxa2 43. Kxf4 Kd8 44. Ke5 Rh2 45. Kd6 Rxh3
46. Kc6 Rh5 47. Kb6 Ke7 48. Bb5 Rh3 49. Ba4 Rxb3+ 50. Bxb3 a4 51. Bxa4 1/2-1/2

[Event "4NCL Division One"]
[Site "Daventry, ENG"]
[Date "2023.01.14"]
[Round "3.34"]
[White "Hill, Alistair"]
[Black "Roberson, Peter T"]
[Result "0-1"]
[WhiteElo "2172"]
[BlackElo "2494"]
[PlyCount "68"]
[EventDate "2023.01.14"]
[WhiteTeam "Cambridge University 1"]
[BlackTeam "The Sharks 1"]

1. e4 c6 2. d4 d5 3. f3 e6 4. Nc3 Bb4 5. Bd2 Ne7 6. a3 Ba5 7. Nge2 O-O 8. Bg5
Nd7 9. Qd2 b5 10. Nc1 Bb6 11. e5 f6 12. exf6 gxf6 13. Be3 Nf5 14. Bf2 e5 15.
Nb3 a5 16. dxe5 Bxf2+ 17. Qxf2 fxe5 18. Bd3 Nf6 19. O-O d4 20. Nd1 Kh8 21. Re1
Qd6 22. a4 bxa4 23. Rxa4 Nd5 24. Rxa5 Rb8 25. Nd2 Nfe3 26. Nxe3 dxe3 27. Qh4
Bf5 28. Nc4 Qc7 29. Ra3 Bxd3 30. Rxd3 Rf4 31. Qh3 Rxc4 32. Rexe3 Rxc2 33. Re4
Rbxb2 34. Rd1 Rxg2+ 0-1

[Event "4NCL Division One"]
[Site "Daventry, ENG"]
[Date "2023.01.14"]
[Round "3.35"]
[White "Rendle, Thomas E"]
[Black "Lee, Richard W Y"]
[Result "1/2-1/2"]
[WhiteElo "2449"]
[BlackElo "2108"]
[PlyCount "99"]
[EventDate "2023.01.14"]
[WhiteTeam "The Sharks 1"]
[BlackTeam "Cambridge University 1"]

1. e4 e6 2. d4 d5 3. Nd2 dxe4 4. Nxe4 Nd7 5. Nf3 Ngf6 6. Nxf6+ Nxf6 7. c3 c5 8.
Ne5 a6 9. Be3 Qc7 10. Qa4+ Nd7 11. Rd1 cxd4 12. Nxd7 Bxd7 13. Qxd4 e5 14. Qc4
Rc8 15. Qxc7 Rxc7 16. Be2 Be6 17. Bf3 Bxa2 18. Bb6 Rd7 19. O-O Be7 20. Bg4 Be6
21. Bxe6 fxe6 22. Rfe1 Rf8 23. Rxd7 Kxd7 24. Rxe5 Rf5 25. Re2 Rd5 26. g3 Bf6
27. Kg2 Kd6 28. Ba7 Rd3 29. h4 h5 30. Be3 b5 31. Bb6 Kd5 32. Bc7 Kc6 33. Bf4
Kd5 34. Bg5 a5 35. f3 Be5 36. Kf2 Bd6 37. g4 g6 38. Bf6 Bf4 39. gxh5 gxh5 40.
Bg5 Be5 41. Re4 Rd1 42. Re2 Rh1 43. Ke3 Rh3 44. Bd8 a4 45. Be7 Kc4 46. Kd2 Bf4+
47. Kc2 e5 48. Re4+ Kd5 49. Rb4 Kc6 50. c4 1/2-1/2

[Event "4NCL Division One"]
[Site "Daventry, ENG"]
[Date "2023.01.14"]
[Round "3.36"]
[White "Robertson, J Stuart"]
[Black "Dong, Bao Nghia"]
[Result "0-1"]
[WhiteElo "2154"]
[BlackElo "2412"]
[PlyCount "64"]
[EventDate "2023.01.14"]
[WhiteTeam "Cambridge University 1"]
[BlackTeam "The Sharks 1"]

1. d4 Nf6 2. c4 g6 3. f3 c5 4. d5 b5 5. e4 d6 6. cxb5 a6 7. a4 Bg7 8. Na3 O-O
9. Ne2 axb5 10. axb5 Ne8 11. Nc3 f5 12. exf5 Bxf5 13. Be3 Qa5 14. Qd2 Nd7 15.
Be2 Nb6 16. g4 Bd7 17. Nc2 Qxa1+ 18. Nxa1 Rxa1+ 19. Nd1 Nc7 20. Bh6 Bxh6 21.
Qxh6 Bxb5 22. Qd2 Nc4 23. Qc3 Ne5 24. Qb3 c4 25. Qc3 Nxd5 26. Qd4 Nf4 27. Qe4
Bc6 28. Bxc4+ e6 29. Qc2 Nxf3+ 30. Kf2 Nd4 31. Qd2 Ng2+ 32. Kg3 Rf3+ 0-1

[Event "4NCL Division One"]
[Site "Daventry, ENG"]
[Date "2023.01.14"]
[Round "3.37"]
[White "Kueh, Audrey"]
[Black "Chan, Nevil"]
[Result "1-0"]
[WhiteElo "2139"]
[BlackElo "2001"]
[PlyCount "59"]
[EventDate "2023.01.14"]
[WhiteTeam "The Sharks 1"]
[BlackTeam "Cambridge University 1"]

1. e4 b6 2. d4 Bb7 3. Bd3 Nf6 4. Qe2 Nc6 5. c3 e5 6. Nf3 d6 7. O-O Be7 8. a4 a6
9. d5 Nb8 10. a5 O-O 11. axb6 cxb6 12. Be3 Nfd7 13. Nbd2 Qc8 14. Nc4 b5 15. Na5
Bd8 16. c4 Bxa5 17. Rxa5 Qc7 18. Rfa1 bxc4 19. Bxc4 Rc8 20. Bd3 Nb6 21. Nd2
N8d7 22. Bxa6 Bxa6 23. Rxa6 Rxa6 24. Rxa6 Nc5 25. Ra1 Nbd7 26. b4 Nb7 27. Ra7
Rb8 28. Qb5 Qc1+ 29. Nf1 Qc8 30. Qc6 1-0

[Event "4NCL Division One"]
[Site "Daventry, ENG"]
[Date "2023.01.14"]
[Round "3.38"]
[White "Sivanandan, Bodhana"]
[Black "Milson, Samuel A"]
[Result "0-1"]
[WhiteElo "1872"]
[BlackElo "2196"]
[PlyCount "94"]
[EventDate "2023.01.14"]
[WhiteTeam "Cambridge University 1"]
[BlackTeam "The Sharks 1"]

1. e4 e6 2. d4 d5 3. e5 c5 4. c3 Nc6 5. Nf3 Bd7 6. Bd3 cxd4 7. O-O dxc3 8. Nxc3
Nge7 9. Bg5 Qb8 10. Re1 Ng6 11. Bxg6 hxg6 12. Bf4 Be7 13. Ne2 g5 14. Nxg5 Nxe5
15. Nd4 Bd6 16. Nf5 Nf3+ 17. Qxf3 Bxf4 18. Nxg7+ Ke7 19. Nh3 Bxh2+ 20. Kh1 Be5
21. Nh5 Qd6 22. Qe2 f6 23. Rad1 Rag8 24. f4 Bxf4 25. N5xf4 Qxf4 26. Rxd5 Qg4
27. Qxg4 Rxg4 28. Kh2 Rhg8 29. Rd2 Bc6 30. Ree2 e5 31. a3 a5 32. Rf2 f5 33. b4
axb4 34. axb4 Ke6 35. Rb2 b5 36. Rbc2 Rc4 37. g3 Rh8 38. Rxc4 bxc4 39. Rc2 Kd5
40. Rd2+ Ke4 41. Re2+ Kf3 42. Rxe5 Kg4 43. Rc5 Rxh3+ 44. Kg1 Be4 45. Rxc4 Kxg3
46. Rc3+ Bf3 47. b5 Rh1# 0-1

[Event "4NCL Division One"]
[Site "Daventry, ENG"]
[Date "2023.01.14"]
[Round "3.41"]
[White "Jones, Gawain C B"]
[Black "Delaney, Killian"]
[Result "1-0"]
[WhiteElo "2630"]
[BlackElo "2289"]
[PlyCount "55"]
[EventDate "2023.01.14"]
[WhiteTeam "Chessable White Rose 1"]
[BlackTeam "Gonzaga"]

1. Nf3 c5 2. e4 e6 3. c3 Nf6 4. e5 Nd5 5. d4 cxd4 6. cxd4 d6 7. Bc4 Nc6 8. O-O
Be7 9. Qe2 O-O 10. Rd1 Na5 11. Bd3 Nb4 12. Nc3 Nxd3 13. Rxd3 b6 14. b4 Nc6 15.
a3 f5 16. exd6 Bxd6 17. d5 exd5 18. Rxd5 Qf6 19. Bb2 Be7 20. Re1 Rf7 21. Nb5
Qg6 22. Nc7 Rb8 23. b5 Bd8 24. bxc6 Bxc7 25. Qe8+ Rf8 26. Qxg6 hxg6 27. Ng5 Bd8
28. Rxd8 1-0